Ludwig Feuerbach : 1804-1872 /

Biblioteca Filosófica es una colección que plantea una síntesis de la vida y doctrina de grandes filósofos y pensadores, donde cada volumen está dedicado a un pensador en específico y el contenido se desarrolla en cuatro apartados: en el primero se esboza un cuadro cronológico de su vida y contexto,...

Popoln opis

Shranjeno v:
Bibliografske podrobnosti
Glavni avtor: Ginzo Fernández, Arsenio (autor)
Format: Knjiga
Jezik:španščina
Izdano: Madrid, España : Ediciones del Orto, 1995, c1995
Serija:(Biblioteca Filosófica)
Teme:
Oznake: Označite
Brez oznak, prvi označite!

MARC

LEADER 00000nam^a2200000^a^4500
001 000111584
005 20250521000000.0
009 20260310093837.034
020 |a 84-7923-072-X 
037 |a Acervo ITESO - Biblioteca 
041 |a ESP 
082 |a 140. 92  |b BIB V. 11 
100 |a Ginzo Fernández, Arsenio  |e (autor) 
245 1 0 |a Ludwig Feuerbach :  |b 1804-1872 /  |c A. Ginzo Fernández. 
246 2 |a Título en la cubierta: Feuerbach: 1804-1872 
264 4 |a Madrid, España :  |b Ediciones del Orto,  |c 1995, c1995 
300 |a 94 p. 
336 |a texto  |b txt  |2 rdacontenido 
337 |a sin mediación  |b n  |2 rdamedio 
338 |a volumen  |b nc  |2 rdasoporte 
440 1 |a (Biblioteca Filosófica) 
520 |a Biblioteca Filosófica es una colección que plantea una síntesis de la vida y doctrina de grandes filósofos y pensadores, donde cada volumen está dedicado a un pensador en específico y el contenido se desarrolla en cuatro apartados: en el primero se esboza un cuadro cronológico de su vida y contexto, en el segundo se interpretan las principales líneas de su pensamiento, en el tercero se presenta una selección de sus textos, y en el cuarto se ofrece una relación bibliográfica del mismo. La presente obra trata sobre Ludwig Feuerbach (1804-1872), quien desarrolló una filosofía materialista desde donde críticó tanto la filosofía de la religión de Hegel como a la religión misma. 
649 |a XX 
650 |a Filósofos Alemanes 
650 |a Teología 
650 |a Religión -  |x Filosofía 
650 |a Antropología Filosófica 
650 |a Materialismo 
650 |a Filosofía del Siglo XIX -  |x Historia y Crítica 
650 |a Filosofía Alemana -  |x Historia y Crítica 
650 |a Feuerbach, Ludwig -  |x Tema Principal 
600 |a Hegel, Friedrich 
910 |a Fondo General 
920 |a Impresos - Libros 
930 |a Colección General 
905 |a 101 
901 |a 0500048655  |b IT1  |c ACC  |u 20250521 
902 |a https://opac.biblio.iteso.mx/vufind/Record/000111584